| 000 | 00818nam a22002177a 4500 | ||
|---|---|---|---|
| 999 |
_c19335 _d19335 |
||
| 003 | AR-CdUCM | ||
| 008 | 190517b ||||| |||| 00| 0 spa d | ||
| 040 |
_aMUNICIPALIDAD PROVINCIAL DEL CUSCO _cBIBLIOTECA MUNICIPAL DEL CUSCO |
||
| 041 | _heng. | ||
| 082 |
_a341.4 / _bA35 |
||
| 100 |
_aAlchourron, Carlos E. _940618 |
||
| 245 | _aIntroducción a la metodología de las ciencias jurídicas y sociales / | ||
| 260 |
_aBuenos Aires : _bAstrea de Rodolfo de Palma Hnos, _c1974. |
||
| 300 |
_a277 paginas ; _c22 cm. |
||
| 505 | _aContenido :La lógica de los sistemas normativos --El concepto caso --El concepto de solución --El concepto de sistema normativo ... | ||
| 650 |
_aCiencias _98174 |
||
| 650 |
_aDerecho _9739 |
||
| 650 |
_aSistema normativo _940619 |
||
| 942 |
_2ddc _cLIBROS |
||
| 945 |
_arjall _d2019-05-17 |
||